000 00638nam a22001817a 4500
999 _c191198
_d191198
005 20220823104142.0
010 _aENG-134535
020 _a9789391370527
_c595.00
035 _aEN-118067
037 _bDBAD/PUB
082 _a797.2092
100 _aPrathigudupu, Madhavi Latha
245 _aSwimming Against the Tide:
_bTrue Story of Para Swimmer Madhavi Latha/
_cMadhavi Latha Prathigudupu
260 _aNew Delhi
_bSage Publication Indian Pvt Ltd
_c2021
270 _aB1/I-I Mohan Cooperative Industrial Area Mathura Road
_bNew Delhi
_e110044
300 _axiii, 331p.
_c22cm(pbk)
942 _2ddc
_cEN
_h797.2092
_mPRA